| 000 | 00899nas a2200289 4500 | ||
|---|---|---|---|
| 001 | BR9201239 | ||
| 003 | BR-BrBNA | ||
| 005 | 20231205092355.0 | ||
| 007 | ta | ||
| 008 | 230509b bl.|||p| |||| 00| 00por d | ||
| 040 |
_aBR-BrBNA _bpor _cBiblioteca Nacional de Agricultura |
||
| 041 | _a(Pt) | ||
| 072 | _aH10 | ||
| 100 | 1 | _aNovaretti, W.R.T. | |
| 100 | 1 | _aCarderan, J.O. | |
| 100 | 1 | _aCarpanezi, A. | |
| 100 | 1 | _aRodrigues, J.C.S. | |
| 245 | 1 | _aComportamento de tres variedades de cana-de-acucar em relacao ao nematoide das lesoes das raizes, Pratylenchus zeae Graham, 1951 | |
| 650 | _aCANA DE ACUCAR | ||
| 650 | _aNEMATOIDE | ||
| 650 | _aCONTROLE QUIMICO | ||
| 650 | _aVARIEDADE | ||
| 650 | _aPRATICO | ||
| 773 | 0 |
_tBoletim Tecnico COPERSUCAR (Brazil) _xISSN 0100-2996 _g(Jul 1988), no. 43 p. 19-24 _wBR9201239 |
|
| 909 |
_a202311 _bLúcia _c55 _dLúcia Elande |
||
| 942 |
_2AGRIS _n0 _cANA |
||
| 999 |
_c131264 _d131264 |
||